| 000 | 00709nam a2200265Ia 4500 | ||
|---|---|---|---|
| 003 | OSt | ||
| 005 | 20221005052559.0 | ||
| 006 | a|||||r|||| 00| 0 | ||
| 007 | ta | ||
| 008 | 221004b |||||||| |||| 00| 0 eng d | ||
| 020 | _a1857151445 | ||
| 024 | _a26752 | ||
| 037 | _cTextual | ||
| 040 |
_aCRL _cCRL _beng |
||
| 041 |
_2eng _aeng |
||
| 082 | _aO111,3M57,2, N8 | ||
| 100 | _aConard Joseph | ||
| 245 | 0 | _aVictory with an introduction by Tony Tanner | |
| 260 |
_aLondon _bDavid Campbell UK _c1998 |
||
| 300 |
_a385p. _ccm. |
||
| 650 | _a ENGLISH LITERATURE | ||
| 650 | _aENGLISH LITERATURE | ||
| 942 |
_hO111,3M57,2, N8 _cTEXL _2cc |
||
| 999 |
_c960591 _d960591 |
||